00759nam a22001937a 4500003000900000008004100009040007100050082002400121100003100145245009600176260004300272300002600315505015700341650001500498650001000513650001100523650001100534700002000545AR-CdUCM190401b ||||| |||| 00| 0 spa d aMUNICIPALIDAD PROVINCIAL DEL CUSCOcBIBLIOTECA MUNICIPAL DEL CUSCO a574.1 /bM86 / 1891 aMorel de Rubempré, M. J. aLos secretos de la generación :bEl arte de engendrar niños o niñas segun se quiera / aBarcelona :bFelipe N. Curriols,c1891 a286 paginas ;c17 cm. aContenido: Partes genitales del hombre -- partes sexuales del hombre -- partes sexuales de la mujer -- Hijos -- Arte de formar hijos sanos y rubustos... aSexualidad aHijos aPareja aPapas  aBordov, Joaquin